01062cam a22001814a 4500020001500000022001800015050001800033100002100051245016200072250001200234260005900246300002600305500002000331505046300351650002800814650002000842700001800862 a0534533310 a978053453331100aBF76.7b.R67 1 aRosnow, Ralph L.10aWriting papers in psychology :ba student guide to research reports, literature reviews, proposals, posters, and handouts /cRalph L. Rosnow and Mimi Rosnow. a7th ed. aAustralia ;aBelmont, CA :bThomson/Wadsworth,cc2006. axxi, 165 p. ;c23 cm. aIncludes index  aChapter 1. Getting started Chapter 2. Finding and using reference materials Chapter 3. Developing a proposal Chapter 4. Planning the research report Chapter 5. Outlining the review paper Chapter 6. Communicating statistical information Chapter 7. Writing and polishing Chapter 8. Producing the final manuscript Chapter 9. Crafting a poster and a concise report Appendix A Jane Doe's research report Appendix B John Smith's review paper Index  0aPsychologyxAuthorship. 0aReport writing.1 aRosnow, Mimi,